International Public Procurement: A guide to best Practice (Record no. 4537)

MARC details
005 - DATE AND TIME OF LATEST TRANSACTION
control field 20250620131637.0
020 ## - INTERNATIONAL STANDARD BOOK NUMBER
International Standard Book Number 978-1-905783-33-5
082 ## - DEWEY DECIMAL CLASSIFICATION NUMBER
Classification number 343.034 GAR
245 ## - TITLE STATEMENT
Title International Public Procurement: A guide to best Practice
260 ## - PUBLICATION, DISTRIBUTION, ETC.
Place of publication, distribution, etc. London
Name of publisher, distributor, etc. Globe business publishing
Date of publication, distribution, etc. 2009.
300 ## - PHYSICAL DESCRIPTION
Extent 453p.
Dimensions 23cm
700 ## - ADDED ENTRY--PERSONAL NAME
Other authors/Editors Robert Hernandez Garcia
942 ## - ADDED ENTRY ELEMENTS (KOHA)
Source of classification or shelving scheme Dewey Decimal Classification
Koha item type Books
Holdings
Date last seen Total checkouts Full call number Barcode Cost, replacement price Price effective from Koha item type Lost status Source of classification or shelving scheme Damaged status Not for loan Withdrawn status Home library Current library Shelving location Date acquired Source of acquisition Cost, normal purchase price
06/20/2025   343.034 GAR MZA0001636 426000.00 06/20/2025 Books   Dewey Decimal Classification       CBE Mwanza CBE Mwanza General Collection 07/18/2010 Library Budget 142000.00
06/20/2025   343.034 GAR MZA0001637 426000.00 06/20/2025 Books   Dewey Decimal Classification       CBE Mwanza CBE Mwanza General Collection 07/18/2010 Library Budget 142000.00
06/20/2025   343.034 GAR MZA0001638 426000.00 06/20/2025 Books   Dewey Decimal Classification       CBE Mwanza CBE Mwanza General Collection 07/18/2010 Library Budget 142000.00